| 000 | 00000cam 2200000zi 4500 |
| 001 | 9.962771 |
| 003 | CaOODSP |
| 005 | 20260513144931 |
| 006 | m o d f |
| 007 | cr mn||||||||| |
| 008 | 260513s1984 bcca ob f000 0 eng d |
| 040 | |aCaOODSP|beng|erda|cCaOODSP |
| 043 | |an-cn-bc |
| 086 | 1 |aJS4-1/1984-75E-PDF |
| 100 | 1 |aWachtel, Andy,|d1947- |eauthor. |
| 245 | 10|aVancouver therapy groups for assaultive males : |ba program development review / |cAndy Wachtel, Bruce Levens. |
| 264 | 1|aVancouver, B.C. : |bMinistry of the Solicitor General of Canada, Secretariat, Programs Branch, |c1984. |
| 300 | |a1 online resource (iv, 115 pages) : |billustrations. |
| 336 | |atext|btxt|2rdacontent |
| 337 | |acomputer|bc|2rdamedia |
| 338 | |aonline resource|bcr|2rdacarrier |
| 490 | 1 |aPrograms Branch user report ; |vno. 1984-75 |
| 500 | |aDigitized edition from print [produced by Public Safety Canada]. |
| 500 | |aIssued also in French under title: Les groupes thérapeutiques à l'intention des maris violents : étude d'un programme mis au point à Vancouver. |
| 500 | |a"This working paper was prepared under contract for the Research Division and is made available as submitted to the Ministry. The views expressed are those of the authors and are not necessarily those of the Ministry of the Solicitor General of Canada." |
| 500 | |a"Privacy regulations of the funder make necessary the deletion of names from the text of the report to expedite its dissemination. The effect of this editing, however, can convey a forced, anonymous feeling, particularly in the sections which trace the development of the project. There is no intention to deny full recognition to the many individuals who have contributed to the formation of the assaultive males therapy group program"--Note to readers. |
| 504 | |aIncludes bibliographical references (pages 61-64). |
| 520 | 3 |a"This report describes a pilot project, co-sponsored by the federal Ministry of the Solicitor General and the Ministry of Attorney General of B.C., to provide group therapy in Vancouver for men who had assaulted their spouses. Men were recruited into the program in three ways (in order of project priority): (1) directed by the court to attend as a condition of probation; (2) referred by family court counsellors, and (3) referred by others or self-referred. In the year from June 1982 to May 1983, five groups were run under the leadership of co-counsellors"--Abstract. |
| 650 | 0|aAbusive men|xRehabilitation|zBritish Columbia|zVancouver. |
| 650 | 0|aWife abuse|xLaw and legislation|zBritish Columbia|zVancouver. |
| 650 | 0|aGroup psychotherapy|zBritish Columbia|zVancouver. |
| 710 | 1 |aCanada. |bSolicitor General Canada. |bPrograms Branch, |eissuing body. |
| 775 | 08|tLes groupes thérapeutiques à l'intention des maris violents : |w(CaOODSP)9.962773 |
| 830 | #0|aUser report (Canada. Solicitor General Canada)|vno. 1984-75.|w(CaOODSP)9.808480 |
| 856 | 40|qPDF|s2.00 MB|uhttps://publications.gc.ca/collections/collection_2026/sp-ps/js4-1/JS4-1-1984-75-eng.pdf |